000 00417nam a2200157 i 4500
001 149767
003 ES-MaACL
005 20230906203241.0
007 t|
008 071024s1932 sp ||||1| spa d
100 1 _aVautel, Clement.
_9113324
245 1 4 _aLes femmes aux encheres
_b: roman /
_cClement Vautel.
260 _aParis :
_b[Grevin],
_c1932.
300 _a318 p. ;
_c19 cm.
852 _aES-MaACL
_jF-13880
999 _c149767
_d149767